000 00412nam a2200121Ia 4500
008 220615s9999||||xx |||||||||||||| ||und||
100 _aLin, Paul J.
245 2 _aA Translation of Lao-tzu’s Tao Te Ching and Wang Pi’s Commentary
546 _aEnglish[eng]
650 _aSociology and anthropology
856 _uhttps://library.oapen.org/bitstream/20.500.12657/41829/1/9780472901388.pdf
942 _cEB
999 _c8626
_d8626